00829cpcaa2200241 a 4500001001300000003000400013005001700017008004100034010001700075040002400092072001200116100002900128245003600157300001300193506002200206520012300228546003600351580005700387650003200444651004400476651005000520999001700570mm2010085531DLC20260227111732.0100305|||||||||||| eng  amm2010085531 aDLCedacscDLCdDLC 7aW2lcmd1 aGrant, J.,dactive 1861.00aJ. Grant correspondence,f1861. a1fitem.0 aOpen to research.8 aALS (1861 May 21; Lancaster, Iowa) from Grant to Mr. Frame pertaining chiefly to the secession of the southern states. aCollection material in English. aForms part of: Miscellaneous Manuscripts collection. 0aSecessionzSouthern States. 0aConfederate States of AmericaxHistory. 0aUnited StatesxHistoryyCivil War, 1861-1865. c44824d44824